| 000 | 00353nam a22001577a 4500 | ||
|---|---|---|---|
| 003 | SGT | ||
| 020 | _a9789325986695 | ||
| 082 | _a302.35,SIN | ||
| 100 | _aSINGH KAVITA | ||
| 245 | _aORGANIZATIONAL BEHAVIOUR TEST AND CASES | ||
| 250 | _a3RD | ||
| 260 |
_aNOIDA _bVIKAS PUBLISHING _c2021 |
||
| 300 | _a564 | ||
| 650 | _aPSYCHOLOGY | ||
| 942 |
_2ddc _cBK |
||
| 999 |
_c22911 _d22911 |
||